|
|
|
|
| LEADER |
00000cam a2200000 a 4500 |
| 001 |
vtls001457024 |
| 003 |
SK-MaSNL |
| 005 |
20260301054625.0 |
| 008 |
240226s2002 xo gr 000 f slo |
| 015 |
|
|
|a SNBA2004/03-02216
|
| 020 |
|
|
|a 805510431X
|q (viazané)
|
| 035 |
|
|
|a SNK000412331
|
| 035 |
|
|
|a urn:nbn:sk:snk-am3j1a9
|
| 035 |
|
|
|a BFCE1431-F4D9-415A-BFB6-840FAF4B9496
|
| 035 |
|
|
|a urn:nbn:sk:snk-am00gf9v
|
| 040 |
|
|
|a SNK
|b slo
|c SNK
|e AACR2
|
| 041 |
0 |
|
|a slo
|
| 043 |
|
|
|a e-xo---
|
| 044 |
|
|
|a xo
|c SK
|
| 072 |
|
7 |
|a 821.162.4-3
|x Slovenská próza
|2 konspekt
|
| 080 |
|
|
|a 821.162.4-3
|2 1981
|
| 080 |
|
|
|a 821.162.4-31
|2 2011
|
| 080 |
|
|
|a 82-311.4
|2 2011
|
| 100 |
1 |
|
|a Zguriška, Zuzka,
|d 1900-1984
|4 aut
|9 37629
|
| 245 |
1 |
0 |
|a Bičianka z Doliny
|c Zuzka Zguriška
|
| 250 |
|
|
|a 1. vyd.
|
| 260 |
|
|
|a Bratislava
|b Media klub
|c 2002
|
| 300 |
|
|
|a 205 strán
|c 21 cm
|
| 500 |
|
|
|a Viazané v koži ; vydal Ikar pre Media klub
|
| 655 |
|
7 |
|a slovenské romány
|2 SNKPH
|9 70324
|
| 655 |
|
7 |
|a spoločenské romány
|2 SNKPH
|9 70538
|
| 710 |
2 |
|
|a Ikar (vydavateľstvo)
|4 pbl
|9 85096
|
| 919 |
|
|
|a 80-551-0431-X
|
| 958 |
|
|
|a LX
|
| 958 |
|
|
|a TL
|
| 958 |
|
|
|a OND
|
| 999 |
|
|
|c 611413
|d 613343
|
| 952 |
|
|
|t P60, <04>, [BOOK], {604}
|a SNK
|b SNK
|y VYP
|7 0
|p 17A0391485
|o snkSC 112304 D1
|i snkKSP 8754/2003
|0 0
|1 0
|4 0
|d 2003-07-23
|l 0
|r 2005-01-02 00:00:00
|w 2026-02-23
|
| 952 |
|
|
|t P60, <04>, [BOOK], {604}
|a SNK
|b SNK
|y VYP
|7 0
|p 17A0391486
|o snkSC 112304
|i snkKSP 8753/2003
|0 0
|1 0
|4 0
|d 2003-07-23
|f 1
|l 0
|r 2025-10-02 00:00:00
|w 2026-02-23
|